LIBRARY & INFORMATION CENTRE, KCAET, TAVANUR

ONLINE PUBLIC ACCESS CATALOGUE (OPAC)

Food science / (Record no. 15412)

MARC details
000 -LEADER
fixed length control field 00334cam a2200145ua 4500
020 ## - INTERNATIONAL STANDARD BOOK NUMBER
ISBN 9780834212657
082 ## - DEWEY DECIMAL CLASSIFICATION NUMBER
Classification number 664
Item number POT/FO
100 ## - MAIN ENTRY--AUTHOR NAME
Personal name Potter, Norman N .
245 ## - TITLE STATEMENT
Title Food science /
250 ## - EDITION STATEMENT
Edition statement 5
260 ## - PUBLICATION, DISTRIBUTION, ETC. (IMPRINT)
Place of publication Springer
Name of publisher New York
Year of publication 1996.
300 ## - PHYSICAL DESCRIPTION
Number of Pages 608 ; .
700 1# - ADDED ENTRY--PERSONAL NAME
Personal name Hotchkiss, Joseph H .
942 ## - ADDED ENTRY ELEMENTS (KOHA)
Koha item type Books
Holdings
Withdrawn status Lost status Damaged status Collection code Home library Current library Shelving location Date acquired Source of acquisition Cost, normal purchase price Full call number Accession Number Koha item type
      Reference KAUAET KAUAET Reference1 31/03/2018 Vigyan Books 5823.65 664 POT/FO 25683 Books
      Reference KAUAET KAUAET Reference1 31/03/2018 Vigyan Books 5823.65 664 POT/FO 25684 Books
free website counter